|
|
|
|
| LEADER |
00000nab a2200000 a 4500 |
| 001 |
vtls010712776 |
| 003 |
SK-MaSNL |
| 005 |
20260304190600.0 |
| 008 |
250709s2013 xo |||||||||||||||||slo| |
| 035 |
|
|
|a (urnnbn)urn:nbn:sk:snk:ar-a048uy
|
| 035 |
|
|
|a (uuid)a3b7e707-066d-4104-b370-7f6968933132
|
| 035 |
|
|
|a urn:nbn:sk:snk-ab3fmj
|
| 040 |
|
|
|a SNKBUCL
|b slo
|c SNKBUCL
|e AACR2
|
| 041 |
0 |
|
|a eng
|
| 044 |
|
|
|a xo
|c SK
|
| 100 |
1 |
|
|a Kumar, Vijai
|4 aut
|9 1521916
|
| 245 |
1 |
0 |
|a APPLYING SOFT COMPUTING APPROACHES TO PREDICT DEFECT DENSITY IN SOFTWARE PRODUCT RELEASES: AN EMPIRICAL STUDY
|c Vijai Kumar, Arun Sharma, Rajesh Kumar
|
| 700 |
1 |
|
|a Sharma, Arun
|4 aut
|9 1521917
|
| 700 |
1 |
|
|a Kumar, Rajesh
|4 aut
|9 1521918
|
| 773 |
0 |
|
|t Computing and informatics
|g Roč. 32, č. 1 (2013), s. [203]-224
|
| 850 |
|
|
|a Slovenská národná knižnica
|
| 852 |
|
|
|a Slovenská národná knižnica
|
| 958 |
|
|
|a article1
|
| 958 |
|
|
|a OND
|
| 958 |
|
|
|a EUIPO
|
| 999 |
|
|
|c 3050713
|d 3052643
|